000 00693nam a2200289Ia 4500
005 20260324124015.0
008 008 260324s9999 xx 000 0 eng d
020 _a9780203808092
037 _aEBOOK
040 _aCRL
040 _beng
040 _cCRL
041 _2eng
041 _aeng
084 _qCRL
100 _aKim Wilson
_91172494
245 0 _aRe-visioning Historical Fiction for Young Readers
245 4 _bThe Past through Modern Eyes
260 _bTaylor and Francis
260 _c2011
365 _a
365 _b240
856 _uhttp://www.taylorfrancis.com/books/9780203808092
942 _cEBOOK
999 _c1766504
_d1766504